Statistics for 90s total blocks leader nba

Click here to take the quiz!

General Stats

  • This quiz has been taken 18 times
  • The average score is 12 of 30

Answer Stats

#BlocksPlayer% Correct
32443Dikembe Mutombo
100%
61436Shaquille Oneal
100%
22451Hakeem Olajuwon
93%
12506David Robinson
87%
41982Patrick Ewing
80%
51666Alonzo Mourning
73%
20730Scottie Pippen
67%
91190Shawn Kemp
60%
19736Chris Webber
53%
13890Horace Grant
53%
18749Karl Malone
53%
11960Rik Smits
47%
71261Vlade Divac
47%
23653Kevin Garnett
33%
27581Robert Parish
33%
29535Sam Perkins
33%
30521Christian Laettner
27%
22674Danny Manning
27%
14884Derrick Coleman
27%
81229Elden Campbell
27%
12936Clifford Robinson
20%
17776Rony Seikaly
20%
25619Vin Baker
20%
16818Larry Nance
13%
28551Armen Gilliam
7%
26584Clarence Weatherspoon
7%
15871Dale Davis
7%
101010Hot Rod Williams
7%
21700Charles Smith
0%
24633P.J. Brown
0%

Score Distribution

Percentile by Number Answered

Percent of People with Each Score

Your Score History

You have not taken this quiz